Tatranská Štrba Vysoké Tatry : Tatranská Štrba : zotavovňa ROH Stavbár : pohľady na sídlisko

Zobrazenie: 4 čiastkové pohľady

Bibliographic Details
Main Author: Zibrin, Zdeno (fotograf) (Author, Photographer)
Format: Photo
Language:Slovak
PhysicalDescription:1 pohľadnica farebná 11 x 15 cm
Published: Bratislava ČSTK-Pressfoto [1985]
Subjects:

MARC

LEADER 00000nkm a2200000 a 4500
001 vtls010656748
003 SK-MaSNL
005 20260302015253.0
007 kf co
008 231206s1985 xo g kzslo
035 |a 4451CDF4-1D39-4A71-A0DC-740120906EFA 
035 |a urn:nbn:sk:snk-kmxwvm 
035 |a urn:nbn:sk:snk-km002xga 
040 |a SNK  |b slo  |c SNK  |e AACR2 
041 0 |a slo 
044 |a xo  |c SK 
080 |a (437.6)  |2 2001 
080 |a (084.121)  |2 2001 
100 1 |a Zibrin, Zdeno  |c (fotograf)  |4 aut  |4 pht  |9 283305 
245 1 0 |a Tatranská Štrba  |h grafika  |b Vysoké Tatry : Tatranská Štrba : zotavovňa ROH Stavbár : pohľady na sídlisko  |c foto: Z. Zibrin 
246 1 1 |a Vysokije Tatry 
246 1 1 |a Hohe Tatra 
246 1 1 |a High Tatras 
260 |a Bratislava  |b ČSTK-Pressfoto  |c [1985] 
300 |a 1 pohľadnica  |b farebná  |c 11 x 15 cm 
520 8 |a Zobrazenie: 4 čiastkové pohľady 
651 7 |a Tatranská Štrba (Štrba, Slovensko)  |2 SNKPH  |9 54975 
655 7 |a geografické pohľadnice  |2 SNKPH  |9 70522 
655 7 |a miestne pohľadnice  |2 SNKPH  |9 70510 
852 |a Slovenská národná knižnica 
958 |a GC 
958 |a GBN 
958 |a OND 
999 |c 1020421  |d 1022351 
952 |a SNK  |b SNK  |y PREZ  |7 0  |p 17A0810985  |o snkSP 152718  |i snk2015/6490  |8 3  |g 0.50  |0 0  |1 0  |4 0  |d 2015-02-24  |f 1  |l 0  |r 2026-02-24 13:22:05  |w 2026-02-24